000
00285nam a22001337a 4500
008
170623b xxu||||| |||| 00| 0 eng d
020
_a
9780073123851
041
_a
eng
080
_a
32
100
_a
21
101
_a
SHP
245
_a
COMPARATIVE POLITICS
_c
SOE,CH
942
_2
udc
_c
BK
999
_c
19043
_d
19043